Tile Select - U.S. States - Statistics

General Stats
  • This quiz has been taken 20,897 times
  • The average score is 36 of 45
Answer Stats
Question Tile Select % Correct
states that were one of the original 13 colonies Oregon No
97%
states that border Canada or Mexico Florida No
95%
states that rank in the top 10 by land area Maryland No
95%
states that rank in the top 10 by land area Texas Yes
95%
states that rank in the top 10 by land area California Yes
94%
states that border Canada or Mexico Colorado No
94%
states that were one of the original 13 colonies Virginia Yes
94%
states that start with N by picture No
93%
states that border Canada or Mexico Alabama No
93%
states that were one of the original 13 colonies Florida No
93%
states that border Canada or Mexico Texas Yes
93%
states that border Canada or Mexico Alaska Yes
92%
states that were one of the original 13 colonies Kentucky No
92%
states that start with N by picture No
91%
states that were one of the original 13 colonies Connecticut Yes
91%
states that border Canada or Mexico Oregon No
91%
states that start with N by picture Yes
90%
states that were one of the original 13 colonies New Jersey Yes
90%
states that border Canada or Mexico Washington Yes
90%
states that were one of the original 13 colonies Rhode Island Yes
89%
states that rank in the top 10 by land area Illinois No
88%
states that rank in the top 10 by land area Montana Yes
88%
states that border Canada or Mexico Wyoming No
87%
states that start with N by picture No
86%
states that rank in the top 10 by land area Oklahoma No
84%
states whose capital is named for a U.S. President Colorado No
81%
states that border Canada or Mexico Maine Yes
81%
states whose capital is named for a U.S. President Oklahoma No
81%
states that start with N by picture Yes
77%
states that rank in the top 10 by land area New York No
74%
states whose capital is named for a U.S. President South Carolina No
74%
states whose capital is named for a U.S. President Vermont No
73%
states whose capital is named for a U.S. President Ohio No
72%
states that rank in the top 10 by land area Nevada Yes
70%
states that start with N by picture No
69%
states that start with N by picture Yes
67%
states that were one of the original 13 colonies Georgia Yes
66%
states whose capital is named for a U.S. President Mississippi Yes
62%
states whose capital is named for a U.S. President Nebraska Yes
62%
states that rank in the top 10 by land area Washington No
62%
states whose capital is named for a U.S. President Wisconsin Yes
59%
states that start with N by picture Yes
54%
states that were one of the original 13 colonies Maine No
53%
states whose capital is named for a U.S. President Missouri Yes
51%
states that start with N by picture Yes
28%
No matching quizzes found
Score Distribution
Percent of People with Each Score
Percentile by Number Answered
Your Score History
You have not taken this quiz